MARC
| LEADER | 00000cam a2200000 7i4500 | ||
|---|---|---|---|
| 001 | 0000004104 | ||
| 002 | 000004416 | ||
| 005 | 20000330.0 | ||
| 020 | |a 0091777496 | ||
| 090 | 0 | 0 | |a 567.91 |b BOO |
| 245 | 0 | 4 | |a The book of life |c General editor by Stephen Jay Gould |
| 260 | |a London : |b Ebury , |c 1993 | ||
| 300 | |a 256p. : |b ill ; |c 30cm. | ||
| 650 | 0 | 0 | |a Animals |
| 650 | 0 | 0 | |a Dinosaurs |
| 700 | 1 | |a Stephen Jay, Gould | |
| 999 | |a 037292 |b BUKU |c PINJAMAN |e PERPUSTAKAAN KOMUNITI PETALING JAYA | ||